000 01125nam a2200289 i 4500
001 106510
003 ES-MaACL
005 20250811101650.0
007 t|
008 061124s1977 sp ||||1| spa d
080 _a730 Canfrán Lucea, Mariano (083.82)
100 1 _aCanfrán Lucea, Mariano.
_934496
245 1 0 _aCanfrán Lucea
_b: [exposición, Sala del Prado del Ateneo de Madrid, marzo de 1977] /
_c[textos: Antonio Herrera Casado, Domingo Cardero Prieto].
260 _aMadrid :
_bAteneo de Madrid,
_c1977.
300 _a[12] p. :
_bil. ;
_c26 cm.
490 1 _aAteneo de Madrid. Sala del Prado
600 1 4 _aCanfrán Lucea, Mariano-
_vExposiciones.
_934497
610 2 7 _aAteneo de Madrid-
_vExposiciones-
_y1970-1979.
_91921
655 7 _2tgfbne
_9193628
_aCatálogos de exposiciones
700 1 _aHerrera Casado, Antonio.
_963214
700 1 _aCardero Prieto, Domingo.
_935160
710 2 _aAteneo de Madrid.
_bSala del Prado.
_91965
830 0 0 _aAteneo de Madrid.
_pSala del Prado
_9185209
852 _aES-MaACL
_j2209-F-17
_9110552
_bR.138264
_cDEPOF
942 _2udc
_cFOLLETOS
999 _c106510
_d106510